Making documentaries & new features in the Philippines / (Record no. 345393)
[ view plain ]
| 000 -LEADER | |
|---|---|
| fixed length control field | 00867nam a2200313Ia 4500 |
| 003 - CONTROL NUMBER IDENTIFIER | |
| control field | 20180125131113.0 |
| 005 - DATE AND TIME OF LATEST TRANSACTION | |
| control field | 20180125131154.0 |
| 008 - FIXED-LENGTH DATA ELEMENTS--GENERAL INFORMATION | |
| fixed length control field | 171120s9999 xx 000 0 und d |
| 020 ## - INTERNATIONAL STANDARD BOOK NUMBER | |
| International Standard Book Number | 9712705684 |
| 050 ## - LIBRARY OF CONGRESS CALL NUMBER | |
| Classification number | 70.19 |
| 050 ## - LIBRARY OF CONGRESS CALL NUMBER | |
| Item number | K368 1996 |
| 100 ## - MAIN ENTRY--PERSONAL NAME | |
| Personal name | Kenny, James |
| 245 ## - TITLE STATEMENT | |
| Title | Making documentaries & new features in the Philippines / |
| 245 ## - TITLE STATEMENT | |
| Statement of responsibility, etc | by James Kenny and Isabel Enriquez Kenny. |
| 260 ## - PUBLICATION, DISTRIBUTION, ETC. (IMPRINT) | |
| Place of publication, distribution, etc | Philippines : |
| 260 ## - PUBLICATION, DISTRIBUTION, ETC. (IMPRINT) | |
| Name of publisher, distributor, etc | Anvil, |
| 260 ## - PUBLICATION, DISTRIBUTION, ETC. (IMPRINT) | |
| Date of publication, distribution, etc | 1996 |
| 300 ## - PHYSICAL DESCRIPTION | |
| Extent | 186 pages : |
| 300 ## - PHYSICAL DESCRIPTION | |
| Other physical details | illustrations ; |
| 300 ## - PHYSICAL DESCRIPTION | |
| Dimensions | 25cm. |
| 500 ## - GENERAL NOTE | |
| General note | Includes glossary. |
| 650 ## - SUBJECT ADDED ENTRY--TOPICAL TERM | |
| Topical term or geographic name as entry element | Documentary television programs -- |
| 650 ## - SUBJECT ADDED ENTRY--TOPICAL TERM | |
| Topical term or geographic name as entry element | Television feature stories -- |
| 650 ## - SUBJECT ADDED ENTRY--TOPICAL TERM | |
| General subdivision | Philippines. |
| 650 ## - SUBJECT ADDED ENTRY--TOPICAL TERM | |
| General subdivision | Production and direction -- Philippines. |
| 700 ## - ADDED ENTRY--PERSONAL NAME | |
| Personal name | Kenny, Isabel Enriquez. |
| 700 ## - ADDED ENTRY--PERSONAL NAME | |
| Personal name | Title. |
| 942 ## - ADDED ENTRY ELEMENTS (KOHA) | |
| Source of classification or shelving scheme | Dewey Decimal Classification |
| Koha item type | Books |
| Withdrawn status | Lost status | Damaged status | Home library | Current library | Date acquired | Total Checkouts | Full call number | Barcode | Date last seen | Price effective from | Koha item type |
|---|---|---|---|---|---|---|---|---|---|---|---|
| Stonyhurst Southville International School (Malarayat) | Stonyhurst Southville International School (Malarayat) | 11/20/2017 | FIL 070.19 K368 1996 | SSISM4437 | 11/20/2017 | 11/20/2017 | Books |